Statistics for Middle Eastern Geography By Letter - S

Click here to take the quiz!

General Stats

  • This quiz has been taken 168 times
  • The average score is 14 of 20

Answer Stats

ClueAnswer% Correct
Country with massive oil reservesSaudi Arabia
99%
Desert that covers most of EgyptSahara
96%
Country which nearly 7 million people
have fled since 2011
Syria
96%
Canal connecting the
Mediterranean and Red Seas
Suez Canal
95%
Ancient trade route that whose western
end was in Istanbul
Silk Road
90%
Peninsula that Israel returned
to Egypt in 1982
Sinai
90%
Largest branch of IslamSunni
90%
Iran's official branch of IslamShia
87%
Capital of YemenSana'a
84%
Title of the Omani monarchSultan
83%
Title of the Iranian kingShah
73%
Currency of IsraelShekel
73%
Object found on that country's flagSword
73%
Bosphorus, Hormuz, Mandeb, e.g.Strait
70%
Iranian city or variety of red wineShiraz
64%
Largest island of YemenSocotra
42%
Title used by the rulers of the seven
individual United Arab Emirates
Sheikh
36%
Tyre's Phoenician counter-partSidon
27%
Ancient Greek city near IzmirSmyrna
25%
Historic communist countrySouth Yemen
24%

Score Distribution

Percentile by Number Answered

Percent of People with Each Score

Your Score History

You have not taken this quiz